Eternal Waters: (Record no. 213584)

MARC details
000 -LEADER
fixed length control field 00625nam a22001937a 4500
005 - DATE AND TIME OF LATEST TRANSACTION
control field 20251007104741.0
010 ## - LCCN (DPL NO)
LC control number ENG-146962
020 ## - INTERNATIONAL STANDARD BOOK NUMBER
Terms of availability 2500.00
International Standard Book Number 9788195553389
035 ## - SYSTEM CONTROL NUMBER
System control number EN-130494
037 ## - SOURCE OF ACQUISITION
Source of stock number/acquisition DBAD
Stock number DPL
082 ## - DEWEY DECIMAL CLASSIFICATION NUMBER
Classification number 910.9169054
Edition number 1
100 ## - MAIN ENTRY--PERSONAL NAME
Personal name Shyamli Singh
245 ## - TITLE STATEMENT
Title Eternal Waters:
Remainder of title R2R/
Statement of responsibility, etc Shyamli Singh [and] Vinod K. Sharma
260 ## - PUBLICATION, DISTRIBUTION, ETC. (IMPRINT)
Place of publication, distribution, etc New Delhi
Name of publisher, distributor, etc Indian Institute of Public Administration
Date of publication, distribution, etc 2024
270 ## - ADDRESS
Address Indraprastha Estate, Ring Road
City New Delhi
Postal code 110002
300 ## - PHYSICAL DESCRIPTION
Extent vpp.
Dimensions 29cm(Hb)
700 ## - ADDED ENTRY--PERSONAL NAME
Personal name Sharma, Vinod K.
9 (RLIN) 85247
942 ## - ADDED ENTRY ELEMENTS (KOHA)
Source of classification or shelving scheme Dewey Decimal Classification
Item type English Books
Classification part 910.9169054
Call number suffix SHY
Holdings
Withdrawn status Lost status Not for loan Collection code Home library Current library Date acquired Source of acquisition Cost, normal purchase price Full call number Barcode Copy number Cost, replacement price Koha item type
    Not For Loan Reference Central Library Central Library 07/10/2025 Delivery of Books Act Division 2500.00 910.9169054 SHY EN-130494 1 2500.00 English Books

© Delhi Public Library
Hit Counter
free hit counter